Football Teams David Raya Played For - Statistics

General Stats
  • This quiz has been taken 40 times
  • The average score is 2 of 5
Answer Stats
League Years Team % Correct
England 2023- Arsenal FC
100%
England 2019-2023 Brentford FC
77%
England 2013-2014 Blackburn Rovers
29%
England 2014-2019 Blackburn Rovers
29%
England 2014 Southport FC
11%
No matching quizzes found
Score Distribution
Percent of People with Each Score
Percentile by Number Answered
Your Score History
You have not taken this quiz